KOHA-Header-6

Fundamentals of Financial Management (Record no. 708)

000 -LEADER
fixed length control field 00301nam a2200121Ia 4500
008 - FIXED-LENGTH DATA ELEMENTS--GENERAL INFORMATION
fixed length control field 190722s9999 xx 000 0 und d
020 ## - INTERNATIONAL STANDARD BOOK NUMBER
International Standard Book Number 978-93-325-5867-0
100 ## - MAIN ENTRY--PERSONAL NAME
Personal name Van Horne
245 #0 - TITLE STATEMENT
Title Fundamentals of Financial Management
260 ## - PUBLICATION, DISTRIBUTION, ETC. (IMPRINT)
Place of publication, distribution, etc New Delhi
Name of publisher, distributor, etc Pearson
Date of publication, distribution, etc 2016
300 ## - PHYSICAL DESCRIPTION
Extent 719
942 ## - ADDED ENTRY ELEMENTS (KOHA)
Koha item type Books
Holdings
Withdrawn status Lost status Damaged status Not for loan Permanent Location Current Location Date acquired Full call number Barcode Date last seen Price effective from Koha item type
        MAJU MAJU 2019-07-22 658.15 7334 2019-07-22 2019-07-22 Books

Powered by Koha